| 000 | 00870nam a2200265 i 4500 | ||
|---|---|---|---|
| 001 | 42558 | ||
| 003 | ES-MaACL | ||
| 005 | 20230906160633.0 | ||
| 007 | t| | ||
| 008 | 030407s2001 sp ||||1| spa d | ||
| 020 | _a84-932078-0-2 | ||
| 080 | _a316.334"18/19" | ||
| 080 | _a316.45"18/19" | ||
| 080 | _a316.472.4"18/19" | ||
| 245 | 0 | 3 |
_aLa sociabilidad en la historia contemporánea _b: reflexiones teóricas y ejercicios de análisis / _cAlberto Valín (director). |
| 260 |
_aOurense : _bDuen de Bux, _c[2001] |
||
| 300 |
_a236 p. ; _c24 cm. |
||
| 490 | 1 |
_aHistoria, estudios ; _v1 |
|
| 650 | 1 | 4 |
_aAsociaciones- _yS.XIX-XX. _910382 |
| 650 | 1 | 4 |
_aIdentidad colectiva- _yS.XIX-XX. _913529 |
| 700 | 1 |
_aValín Fernández, Alberto J. V. _9112701 |
|
| 830 | 0 |
_aHistoria, estudios ; _v1 _9229825 |
|
| 852 |
_aES-MaACL _jL-26157 _bR.131789 |
||
| 999 |
_c42558 _d42558 |
||